000 00674nam a22001937a 4500
003 OSt
005 20251030050802.0
008 251030b |||||||| |||| 00| 0 eng d
020 _a978-621-405-059-8
040 _aDWCL- Main Lib
_cOC
082 _aFil. 899.211 D331b 2019
100 _aDela Paz, Elynita S.
245 _aKamalayan Sa Gramatika At Panitikan 9 /
_cElynita S. Dela Paz and Christina Dimaguila - Macascas
260 _aQuezon City :
_bAbiva Publishing,
_cc2019.
300 _aiv ,335 Pages :
_bColor Illustration;
_c 25cm.
504 _aIncludes bibliographical references
700 _a Christina Dimaguila - Macascas
942 _2ddc
_cBK - FIL
_kFil.
_n0
999 _c5327
_d5327